[Event "Mogliano Veneto op 42nd"]
[Site "Mogliano Veneto"]
[Date "2021.04.25"]
[Round "5"]
[White "Persano, Marco"]
[Black "Zanon, Michele"]
[Result "0-1"]
[WhiteElo "999"]
[BlackElo "1385"]
[PlyCount "76"]
[EventDate "2021.04.23"]
[EventType "swiss"]
[EventRounds "5"]
[EventCountry "ITA"]
[SourceTitle "EXT 2023"]
[Source "ChessBase"]
[SourceDate "2022.10.05"]
[SourceVersion "1"]
[SourceVersionDate "2022.10.05"]
[SourceQuality "1"]

1. e4 c5 2. d3 d6 3. Nf3 e5 4. c3 Bg4 5. Be2 Nf6 6. 0-0 Be7 7. h3 Bh5 8. g4 Bg6 9. Na3 Nbd7 10. Bg5 h5 11. gxh5 Bxh5 12. c4 Nh7 13. Bxe7 Qxe7 14. Nb5 Nb6 15. Nd2 Qg5+ 16. Kh2 Qf4+ 17. Kg1 Bxe2 18. Qxe2 Ng5 19. Rfc1 Rxh3 20. Nf1 Nf3+ 21. Kg2 Qg4+ 22. Ng3 Rh2+ 23. Kf1 Kd7 24. Qd1 Rah8 25. Qb3 Nd2+ 26. Ke1 Nxb3 27. axb3 Qf4 28. Rc2 Rh1+ 29. Ke2 Rxa1 30. Nc3 Rh2 31. d4 Qxf2+ 32. Kd3 Qxc2+ 33. Ke3 cxd4+ 34. Kf3 dxc3 35. bxc3 Rf1+ 36. Kg4 Rf4+ 37. Kg5 Qg2 38. c5 Qxg3# 0-1

[Event "Mogliano Veneto op 42nd"]
[Site "Mogliano Veneto"]
[Date "2021.04.24"]
[Round "2"]
[White "Zanon, Michele"]
[Black "Vescovo, Samuele1111"]
[Result "1-0"]
[WhiteElo "1385"]
[BlackElo "1135"]
[PlyCount "45"]
[EventDate "2021.04.23"]
[EventType "swiss"]
[EventRounds "5"]
[EventCountry "ITA"]
[SourceTitle "EXT 2023"]
[Source "ChessBase"]
[SourceDate "2022.10.05"]
[SourceVersion "1"]
[SourceVersionDate "2022.10.05"]
[SourceQuality "1"]

1. e4 e5 2. f4 exf4 3. Nf3 Bc5 4. Bc4 Ne7 5. d4 Bb6 6. Bxf4 d5 7. exd5 Nxd5 8. Bg5 Qd6 9. 0-0 0-0 10. Re1 Nc6 11. c3 h6 12. Bh4 Nce7 13. Bg3 Qg6 14. Bd3 Bf5 15. Nh4 Qg4 16. Nxf5 Qg5 17. Nxe7+ Nxe7 18. Re5 Qf6 19. Nd2 c6 20. Ne4 Qg6 21. Rxe7 Rac8 22. Nd6 Rc7 23. Bxg6 1-0